Child psychology : a contemporary viewpoint
Αποθηκεύτηκε σε:
| Κύριος συγγραφέας: | |
|---|---|
| Άλλοι συγγραφείς: | |
| Μορφή: | Βιβλίο |
| Γλώσσα: | English |
| Δημοσίευση: |
New York :
McGraw-Hill,
1993
|
| Έκδοση: | 4th ed. |
| Θέματα: | |
| Ετικέτες: |
Προσθήκη ετικέτας
Δεν υπάρχουν, Καταχωρήστε ετικέτα πρώτοι!
|
MARC
| LEADER | 00000nam a2200000 i 4500 | ||
|---|---|---|---|
| 001 | 1/89298 | ||
| 008 | 970606s1993 eng d | ||
| 020 | |a 0-07-028444-X | ||
| 035 | |a 1995 |b 3 |c Πολεμικός |l 10035715 | ||
| 040 | |a GR-MY-UA |b gre |e aacr | ||
| 041 | 0 | |a eng | |
| 082 | 0 | |a 155.4 | |
| 100 | 1 | |a Hetherington, E. Mavis (Eileen Mavis) |d 1926- | |
| 245 | 1 | 0 | |a Child psychology : |b a contemporary viewpoint / |c E. Mavis Hetherington, Ross D. Parke |
| 250 | |a 4th ed. | ||
| 260 | |a New York : |b McGraw-Hill, |c 1993 | ||
| 300 | |a 604 p. | ||
| 650 | 0 | 0 | |a Child psychology. |
| 700 | 1 | |a Parke, Ross D. | |
| 852 | |a INST |b RHODES |e 19970606 |h 155.4 HET |p 005400011536 |q 005400011536 |t BK |y 0 | ||
| 909 | |a Ρ |b 044850 |c 1995 | ||